<?xml version="1.0" encoding="UTF-8"?>
<record
    xmlns:xsi="http://www.w3.org/2001/XMLSchema-instance"
    xsi:schemaLocation="http://www.loc.gov/MARC21/slim http://www.loc.gov/standards/marcxml/schema/MARC21slim.xsd"
    xmlns="http://www.loc.gov/MARC21/slim">

  <leader>00891nam a22001577a 4500</leader>
  <controlfield tag="003">LRUA</controlfield>
  <controlfield tag="005">20191209142943.0</controlfield>
  <controlfield tag="008">191209b        xxu||||| |||| 00| 0 eng d</controlfield>
  <datafield tag="040" ind1=" " ind2=" ">
    <subfield code="c">RUA</subfield>
  </datafield>
  <datafield tag="082" ind1=" " ind2=" ">
    <subfield code="a">LMA HON 2017 B652 Or.1</subfield>
  </datafield>
  <datafield tag="100" ind1=" " ind2=" ">
    <subfield code="9">14037</subfield>
    <subfield code="a">HON VANCHATHOU &#x17A0;&#x17CA;&#x1793; &#x179C;&#x17C9;&#x17B6;&#x1793;&#x17CB;&#x1785;&#x17B6;&#x1793;&#x17CB;&#x1792;&#x17BC;</subfield>
  </datafield>
  <datafield tag="245" ind1=" " ind2=" ">
    <subfield code="a">study on housing type and affordable housing price for low and medium income family in sankat chheung aek, khan dongkor, phnom penh &#x179F;&#x17B7;&#x1780;&#x17D2;&#x179F;&#x17B6;&#x179A;&#x1796;&#x17B8;&#x1794;&#x17D2;&#x179A;&#x1797;&#x17C1;&#x1791; &#x1793;&#x17B7;&#x1784; &#x178F;&#x1798;&#x17D2;&#x179B;&#x17C3;&#x179B;&#x17C6;&#x1793;&#x17C5;&#x178B;&#x17B6;&#x1793;&#x179F;&#x1798;&#x179A;&#x1798;&#x17D2;&#x1799;&#x179F;&#x1798;&#x17D2;&#x179A;&#x17B6;&#x1794;&#x17CB;&#x1782;&#x17D2;&#x179A;&#x17BD;&#x179F;&#x17B6;&#x179A;&#x1798;&#x17B6;&#x1793;&#x1794;&#x17D2;&#x179A;&#x17B6;&#x1780;&#x17CB;&#x1785;&#x17C6;&#x178E;&#x17BC;&#x179B;&#x1798;&#x1792;&#x17D2;&#x1799;&#x1798; &#x1793;&#x17B7;&#x1784;&#x200B;&#x200B;&#x1791;&#x17B6;&#x1794;&#x1793;&#x17C5;&#x179F;&#x1784;&#x17D2;&#x1780;&#x17B6;&#x178F;&#x17CB;&#x200B;&#x1787;&#x17BE;&#x1784;&#x17AF;&#x1780; &#x1781;&#x178E;&#x17D2;&#x178C;&#x178A;&#x1784;&#x17D2;&#x1780;&#x17C4; &#x179A;&#x17B6;&#x1787;&#x1792;&#x17B6;&#x1793;&#x17B8;&#x1797;&#x17D2;&#x1793;&#x17C6;&#x1796;&#x17C1;&#x1789;</subfield>
  </datafield>
  <datafield tag="260" ind1=" " ind2=" ">
    <subfield code="a">RUA</subfield>
    <subfield code="b">Phnom penh</subfield>
    <subfield code="c">2017</subfield>
  </datafield>
  <datafield tag="300" ind1=" " ind2=" ">
    <subfield code="a">x;43p</subfield>
    <subfield code="b">ill;</subfield>
    <subfield code="c">29cm</subfield>
  </datafield>
  <datafield tag="942" ind1=" " ind2=" ">
    <subfield code="2">ddc</subfield>
    <subfield code="c">LMA</subfield>
  </datafield>
  <datafield tag="999" ind1=" " ind2=" ">
    <subfield code="c">18483</subfield>
    <subfield code="d">18483</subfield>
  </datafield>
  <datafield tag="952" ind1=" " ind2=" ">
    <subfield code="0">0</subfield>
    <subfield code="1">0</subfield>
    <subfield code="2">ddc</subfield>
    <subfield code="4">0</subfield>
    <subfield code="6">LMA_HON_2017_000000000000000_B652_OR_1</subfield>
    <subfield code="7">0</subfield>
    <subfield code="9">82574</subfield>
    <subfield code="a">LBB</subfield>
    <subfield code="b">LBB</subfield>
    <subfield code="c">B652</subfield>
    <subfield code="d">2019-12-09</subfield>
    <subfield code="l">4</subfield>
    <subfield code="o">LMA HON 2017 B652 Or.1</subfield>
    <subfield code="p">A43381</subfield>
    <subfield code="r">2022-10-31</subfield>
    <subfield code="s">2022-10-03</subfield>
    <subfield code="w">2019-12-09</subfield>
    <subfield code="y">LMA</subfield>
  </datafield>
  <datafield tag="952" ind1=" " ind2=" ">
    <subfield code="0">0</subfield>
    <subfield code="1">0</subfield>
    <subfield code="2">ddc</subfield>
    <subfield code="4">0</subfield>
    <subfield code="6">LMA_HON_2017_000000000000000_B652_OR_2</subfield>
    <subfield code="7">0</subfield>
    <subfield code="9">82575</subfield>
    <subfield code="a">LBB</subfield>
    <subfield code="b">LBB</subfield>
    <subfield code="c">B652</subfield>
    <subfield code="d">2019-12-09</subfield>
    <subfield code="o">LMA HON 2017 B652 Or.2</subfield>
    <subfield code="p">A43456</subfield>
    <subfield code="r">2019-12-09</subfield>
    <subfield code="w">2019-12-09</subfield>
    <subfield code="y">LMA</subfield>
  </datafield>
  <datafield tag="952" ind1=" " ind2=" ">
    <subfield code="0">0</subfield>
    <subfield code="1">0</subfield>
    <subfield code="2">ddc</subfield>
    <subfield code="4">0</subfield>
    <subfield code="6">LMA_HON_2017_000000000000000_B652_OR_3</subfield>
    <subfield code="7">0</subfield>
    <subfield code="9">82576</subfield>
    <subfield code="a">LBB</subfield>
    <subfield code="b">LBB</subfield>
    <subfield code="c">B652</subfield>
    <subfield code="d">2019-12-09</subfield>
    <subfield code="l">5</subfield>
    <subfield code="o">LMA HON 2017 B652 Or.3</subfield>
    <subfield code="p">A43424</subfield>
    <subfield code="r">2022-08-10</subfield>
    <subfield code="s">2022-07-20</subfield>
    <subfield code="w">2019-12-09</subfield>
    <subfield code="y">LMA</subfield>
  </datafield>
  <datafield tag="952" ind1=" " ind2=" ">
    <subfield code="0">0</subfield>
    <subfield code="1">0</subfield>
    <subfield code="2">ddc</subfield>
    <subfield code="4">0</subfield>
    <subfield code="6">LMA_HON_2017_000000000000000_B652_OR_4</subfield>
    <subfield code="7">0</subfield>
    <subfield code="9">82577</subfield>
    <subfield code="a">LBB</subfield>
    <subfield code="b">LBB</subfield>
    <subfield code="c">B652</subfield>
    <subfield code="d">2019-12-09</subfield>
    <subfield code="l">3</subfield>
    <subfield code="o">LMA HON 2017 B652 Or.4</subfield>
    <subfield code="p">A43359</subfield>
    <subfield code="r">2022-08-10</subfield>
    <subfield code="s">2022-07-20</subfield>
    <subfield code="w">2019-12-09</subfield>
    <subfield code="y">LMA</subfield>
  </datafield>
  <datafield tag="952" ind1=" " ind2=" ">
    <subfield code="0">0</subfield>
    <subfield code="1">0</subfield>
    <subfield code="2">ddc</subfield>
    <subfield code="4">0</subfield>
    <subfield code="6">LMA_HON_2017_000000000000000_B652_OR_5</subfield>
    <subfield code="7">0</subfield>
    <subfield code="9">82578</subfield>
    <subfield code="a">LBB</subfield>
    <subfield code="b">LBB</subfield>
    <subfield code="c">B652</subfield>
    <subfield code="d">2019-12-09</subfield>
    <subfield code="l">4</subfield>
    <subfield code="o">LMA HON 2017 B652 Or.5</subfield>
    <subfield code="p">A43364</subfield>
    <subfield code="r">2021-12-07</subfield>
    <subfield code="s">2021-11-23</subfield>
    <subfield code="w">2019-12-09</subfield>
    <subfield code="y">LMA</subfield>
  </datafield>
  <datafield tag="952" ind1=" " ind2=" ">
    <subfield code="0">0</subfield>
    <subfield code="1">0</subfield>
    <subfield code="2">ddc</subfield>
    <subfield code="4">0</subfield>
    <subfield code="6">LMA_HON_2017_000000000000000_B652_OR_6</subfield>
    <subfield code="7">0</subfield>
    <subfield code="9">82579</subfield>
    <subfield code="a">LBB</subfield>
    <subfield code="b">LBB</subfield>
    <subfield code="c">B652</subfield>
    <subfield code="d">2019-12-09</subfield>
    <subfield code="l">5</subfield>
    <subfield code="o">LMA HON 2017 B652 Or.6</subfield>
    <subfield code="p">A43369</subfield>
    <subfield code="r">2022-01-03</subfield>
    <subfield code="s">2021-12-20</subfield>
    <subfield code="w">2019-12-09</subfield>
    <subfield code="y">LMA</subfield>
  </datafield>
</record>
